|
|
|
|
| LEADER |
00000nab a2200000 a 4500 |
| 001 |
vtls000704006 |
| 003 |
SK-MaSNL |
| 005 |
20260304133321.0 |
| 008 |
250429c1999 xo 0 slo |
| 015 |
|
|
|a SNBRA1999/10-24220
|
| 035 |
|
|
|a CLN000056173
|
| 035 |
|
|
|a urn:nbn:sk:snk-abbsub
|
| 035 |
|
|
|a (urnnbn)urn:nbn:sk:snk:ar-000wow
|
| 035 |
|
|
|a (uuid)f33a1673-4a07-45c3-8c50-21b10209d02d
|
| 040 |
|
|
|a SNKBUCL
|b slo
|c SNKBUCL
|e AACR2
|
| 041 |
0 |
|
|a slo
|
| 044 |
|
|
|a xo
|c SK
|
| 080 |
|
|
|a 696.6:681.3
|2 1997
|
| 100 |
1 |
|
|a Komáček, Ivan
|4 aut
|9 1450213
|
| 245 |
1 |
0 |
|a Instabus EIB - moderná a perspektívna technológia elektroinštalácií budov
|c Ivan Komáček
|
| 300 |
|
|
|b Obr.
|
| 650 |
0 |
7 |
|a inteligentné elektrické inštalácie
|2 snkbucl
|9 90482
|
| 650 |
0 |
7 |
|a budovy inteligentné
|2 snkbucl
|9 13639
|
| 655 |
|
7 |
|a články z novín a časopisov
|2 snkbucl
|9 267496
|
| 773 |
0 |
|
|t AT&P journal
|g Roč. 6, č. 4 (1999), s. 12-13
|x 1335-2237
|
| 850 |
|
|
|a Slovenská národná knižnica
|
| 852 |
|
|
|a Slovenská národná knižnica
|
| 954 |
|
|
|a odborná, vedecká literatúra pôvodná (slovenská)
|2 lita
|
| 958 |
|
|
|a article15
|
| 958 |
|
|
|a OND
|
| 958 |
|
|
|a EUIPO
|
| 992 |
|
|
|a RBX
|
| 999 |
|
|
|c 2900939
|d 2902869
|